000 00887nam a22002417a 4500
999 _c5368
_d5368
003 INP
005 20260622095817.0
008 180228s2013 ua ||||fr|||| 00| 0 eng d
040 _aEG-INP
_cEG-INP
_beng
082 0 4 _221
_a621.38195
_bu n
245 0 4 _aThe unified accounting system = النظام المحاسبي الموحد.
246 1 1 _aالنظام المحاسبي الموحد.
260 _acairo :
_bThe Middle East Library for Economic Services,
_c2013.
300 _ap. 96 ;
_c24 cm.
520 _aAfter reviewal of the law of the central audit agency, promulgated by law number 144 of the year 1988, as amended by the law number 157 of the year 1998.
650 0 _aAccounting
_xLaw and legislation
_zEgypt.
650 0 _aFinance, Public.
_91277
650 0 _aAccountancy manual.
_937
901 _aEGPV2
902 _aEGPV20
903 _aoriginal